000 00975nas a2200313 4500
001 BR0302371
003 BR-BrBNA
005 20231205103758.0
007 ta
008 230509b bl.|||p| |||| 00| 00por d
040 _aBR-BrBNA
_bpor
_cBiblioteca Nacional de Agricultura
041 _a(Pt)
072 _aH10; F30
100 1 _aChaves, A.
100 1 _aPedrosa, E.M.R.
100 1 _aMoura, R.M.
245 1 _aEfeitos da aplicação de terbufos sobre a densidade populacional de nematóides endoparasitos em conco variedades de Cana-de-acúcar no Nordeste
650 _aCANA DE ACÚCAR
650 _aVARIEDADE
650 _aCONTROLE QUÍMICO
650 _aNEMATICIDA
650 _aSOCA
650 _aMELOIDOGINOSE
650 _aFLUTUAÇÃO POPULACIONAL
650 _aNORDESTE
773 0 _tNematologia Brasileira (Brazil)
_xISSN 0102-2997
_g(Dec 2002), v. 26(2) p. 167-176
_wBR0302371
909 _a202311
_bLúcia
_c55
_dLúcia Elande
942 _2AGRIS
_n0
_cANA
999 _c174687
_d174687